000 00330 a2200145 4500
001 161591
020 _a
040 _cMagnum
100 _aWerneck, Hamilton
240 1 0 _aEnsinamos demais, aprendemos de menos
_lpor
245 1 0 _aEnsinamos demais, aprendemos de menos
362 0 _a1899
697 _aPEDAGOGIA
942 _cBK
999 _c161591
_d161591